004860000a2200157000450024500840000065000280008465000170011265000210012965100280015065300450017804100130022370000190023670000220025510000220027777300290029910aDesign and construction of a tethered. Floating radio-tag assembly for manatees14aMamíferos acuáticos14aTelemetría14aRadiotrasmisores 4dFloridapEstados Unidos gTrichechuseTrichechus manatusvmanatí0 aInglés1 aReid, James P.1 aBourassa, Jean B.1 aRathbun, Galen B.1 tPreprint33q1-48d1985?